Australian Animals By Picture - Statistics

General Stats
  • This quiz has been taken 31,532 times
    31,481 since last reset
  • The average score is 10 of 15
Answer Stats
Picture Hint Answer % Correct
Koala
99%
Red Kangaroo
99%
Platypus
94%
Emu
88%
Dingo
82%
Tasmanian Devil
74%
Wombat
71%
{Box} Jellyfish
62%
Echidna
60%
{Sugar} Glider
52%
"laughing" bird Kookaburra
51%
Cassowary
49%
Australia's largest lizard Perentie
35%
Quokka
35%
world's most venomous snake Inland {Taipan}
28%
No matching quizzes found
Score Distribution
Percent of People with Each Score
Percentile by Number Answered
Your Score History
You have not taken this quiz since the last reset